ბათუმის შოთა რუსთაველის სახელმწიფო უნივერსიტეტის ბიბლიოთეკა

ჩანაწერი Personal Name

ჩანაწერთა რაოდენობა, რომელიც გამოყენებულია: 2

001 - CONTROL NUMBER

  • control field: 17018

003 - CONTROL NUMBER IDENTIFIER

  • control field: GE_BSU

005 - DATE AND TIME OF LATEST TRANSACTION

  • control field: 20230223174755.0

008 - FIXED-LENGTH DATA ELEMENTS

  • fixed length control field: 230223|| aca||aabn | a|a d

040 ## - CATALOGING SOURCE

  • Original cataloging agency: GE_BSU
  • Transcribing agency: GE_BSU

100 ## - HEADING--PERSONAL NAME

  • Personal name: დულარიძე, თეა

670 ## - SOURCE DATA FOUND

  • Source citation: Work cat.: (GE_BSU)55205: დულარიძე, თეა , ელჩობა ძველ აღმოსავლურ ტრადიციასა და ჰომეროსის ეპოსში /